书目信息 |
| 题名: |
审题与构思例话
|
|
| 作者: | 浦江 编著 | |
| 分册: | ||
| 出版信息: | 北京 首都师范大学出版社 1999.01 |
|
| 页数: | 289页 | |
| 开本: | 32开 | |
| 丛书名: | ||
| 单 册: | ||
| 中图分类: | G633.34 | |
| 科图分类: | ||
| 主题词: | 教育--各级 | |
| 电子资源: | ||
| ISBN: | 7-81064-002-X | |
| 000 | 00549nam0 2200193 45 | |
| 001 | 0008140992 | |
| 005 | 20000814093939.7 | |
| 010 | @a7-81064-002-X@d9.00元 | |
| 100 | @a20000814d1999 km y0chiy0120 ea | |
| 101 | 0 | @achi |
| 105 | @a z 000yy | |
| 200 | 1 | @a审题与构思例话@AShen Ti Yu Gou Si Li Hua@f浦江 编著@FPu Jiang Bian Zhu |
| 210 | @a北京@c首都师范大学出版社@d1999.01 | |
| 215 | @a289页@d32开 | |
| 606 | 0 | @a教育@x各级 |
| 690 | @aG633.34@v3 | |
| 701 | 0 | @a浦江@4编著 |
| 801 | @aCN@bPftUser@c20000814 | |
| 905 | @b105522-524@dG633.34@eP.503@f3 | |
| 审题与构思例话/浦江 编著.-北京:首都师范大学出版社,1999.01 |
| 289页;32开 |
| ISBN 7-81064-002-X:9.00元 |
| ● |
| 相关链接 |
|
|
|
正题名:审题与构思例话
索取号:G633.34/P.503
 
预约/预借
| 序号 | 登录号 | 条形码 | 馆藏地/架位号 | 状态 | 备注 |
| 1 | 105522 | 201055222 | 社科库409/409社科库 7排2列4层/ [索取号:G633.34/P.503] | 在馆 | |
| 2 | 105523 | 201055231 | 社科库409/409社科库 7排2列4层/ [索取号:G633.34/P.503] | 在馆 | |
| 3 | 105524 | 201055240 | 社科库409/409社科库 7排2列4层/ [索取号:G633.34/P.503] | 在馆 |